| 000 | 00777nam a2200265 a 4500 | ||
|---|---|---|---|
| 001 | 26411 | ||
| 003 | CO-ViMGA | ||
| 005 | 20230915223422.0 | ||
| 008 | 141112s2004 ck r 000 u spa d | ||
| 020 | _a9780723272670 | ||
| 035 | _aADE3383 LA | ||
| 040 |
_aCO-ViMGA _bspa _cCO-ViMGA |
||
| 041 | _aeng | ||
| 043 | _ae - uk - en | ||
| 090 | _aC HUNc | ||
| 100 | 1 |
_aHunia, Fran. _93582 |
|
| 245 | 1 | 0 |
_aCinderella / _cadapted by Fran Hunia from the traditional tale ; illustrated by Kathie Layfield. |
| 260 |
_aInglaterra : _bLadybird Books, _c1980. |
||
| 300 | _a51 p. : il. [col.] ; 18 cm. | ||
| 490 | 0 | _aRead it yourself. Reading level 1 | |
| 650 | 1 | 4 | _aCuentos infantiles ingleses. |
| 700 | 1 |
_aLayfield, Kathie, il. _93583 |
|
| 942 |
_2ddc _cBK |
||
| 949 | _an n | ||
| 999 |
_c9953 _d9953 |
||